Sea Creatures (Record no. 11820)

MARC details
000 -LEADER
fixed length control field 00254nam a22000977a 4500
008 - FIXED-LENGTH DATA ELEMENTS--GENERAL INFORMATION
fixed length control field 200225b ||||| |||| 00| 0 eng d
020 ## - INTERNATIONAL STANDARD BOOK NUMBER
International Standard Book Number 9781420681505
100 ## - MAIN ENTRY--PERSONAL NAME
Personal name Faundez Anne
9 (RLIN) 7498
245 ## - TITLE STATEMENT
Title Sea Creatures
260 ## - PUBLICATION, DISTRIBUTION, ETC. (IMPRINT)
Place of publication, distribution, etc. Laguna Hills
Name of publisher, distributor, etc. QEB Publishing
Date of publication, distribution, etc. 2004
Holdings
Withdrawn status Lost status Source of classification or shelving scheme Damaged status Koha normalized classification for sorting Not for loan Home library Current library Shelving location Date acquired Total Checkouts Full call number Barcode Date last seen Price effective from Koha item type
    Dewey Decimal Classification   500_000000000000000_JUNLIB   Good Samaritan School Library Good Samaritan School Library Science 02/25/2020   500 JUNLIB FAU15964 02/25/2020 02/25/2020 BOOK

Powered by Koha